| 000 | 01063pam a2200325 a 4500 | ||
|---|---|---|---|
| 999 |
_c29140 _d29111 |
||
| 001 | 015361516 | ||
| 003 | EG-ScBUE | ||
| 005 | 20210601095713.0 | ||
| 008 | 090807s2011 enkab f 001 0 eng d | ||
| 020 | _a9780470684160 (pbk.) | ||
| 020 | _a047068416X (pbk.) | ||
| 040 |
_aStDuBDS _beng _erda _cStDuBDS _dUk _dEG-ScBUE |
||
| 082 | 0 | 4 |
_a006.74 _bMEY _222 |
| 100 | 1 |
_aMeyer, Eric A., _eauthor. |
|
| 245 | 1 | 0 |
_aSmashing CSS : _bprofessional techniques for modern layout / _cEric A. Mayer. |
| 246 | 3 | 0 | _aCSS |
| 264 | 1 |
_aWest Sussex, United Kingdom : _bJohn Wiley & Sons Ltd, _c2011. |
|
| 300 |
_axiii, 285 pages : _bcolor illustrations, color maps ; _c24 cm |
||
| 336 |
_atext _2rdacontent _btxt |
||
| 337 |
_aunmediated _2rdamedia _bn |
||
| 338 |
_avolume _2rdacarrier _bnc |
||
| 500 | _aAt head of cover title: Smashing magazine. | ||
| 500 | _aIncludes index. | ||
| 500 |
_aFormerly CIP. _5Uk |
||
| 650 | 7 |
_aCascading style sheets. _2BUEsh |
|
| 653 |
_bCOMSCI _cJune2021 |
||
| 655 |
_vReading book _934232 |
||
| 740 | 0 | 2 | _aSmashing magazine. |
| 942 |
_2ddc _cBB |
||